000 01198cab a2200373 4500
001 ABS59076
008 090401t1998 xxu||||| |||| 00| 0 eng d
035 _a(Sirsi) u87850
041 _aeng
100 _aVivian, J.
245 _aNo margin for error when serving notice
260 _c1998
350 _a0
490 _aProperty Week
_v63(14) 24 July 1998, 32-33(2)
520 _aDiscusses the service of notices from the point of view of both the landlord and the tenant. Considers lease provisions and recent court rulings on break clauses.
650 _aACKNOWLEDGEMENT
650 _aBREAK NOTICES
650 _aBROWN AND ROOT V SUN ALLIANCE
650 _aFOX & WIDLEY V GURAM
650 _aGARSTON V SCOTTISH WIDOWS FUND
650 _aHB PROPERTY DEVELOPMENTS LTD V SOS ENVIRONMENT
650 _aLANDLORDS
650 _aLEASE TERMS
650 _aMANNAI INVESTMENT CO LTD V EAGLE STAR LIFE ASSURANCE CO LTD UK
650 _aNOTICE PROVISIONS
650 _aRENT REVIEW NOTICE
650 _aSERVICE
650 _aTENANTS
650 _aVALIDITY
690 _aLANDLORD AND TENANT-BUSINESS TENANCIES
700 _aWhite, G.
942 _n0
948 _c05/08/1998
999 _c55448
_d55448